Wiedza na mapie cz. 1 Europejskie stolice - Statystyki

Ogólne statystyki
  • Ten quiz został rozwiązany 198 razy
  • Średni wynik to 32 z 39
Statystyki odpowiedzi
Hint Odpowiedź % Poprawnych
Grecja Ateny
97%
Polska Warszawa
96%
Hiszpania Madryt
95%
Rosja Moskwa
95%
Francja Paryż
95%
Austria Wiedeń
95%
Portugalia Lizbona
94%
Anglia Londyn
94%
Czechy Praga
94%
Rumunia Bukareszt
92%
Norwegia Oslo
92%
Holandia Amsterdam
91%
Węgry Budapeszt
91%
Łotwa Ryga
90%
Belgia Bruksela
89%
Irlandia Dublin
89%
Dania Kopenhaga
89%
Białoruś Mińsk
89%
Bułgaria Sofia
88%
San Marino San Marino
87%
Chorwacja Zagrzeb
87%
Andora Andora
85%
Szwajcaria Berno
85%
Finlandia Helsinki
85%
Litwa Wilno
85%
Turcja Ankara
83%
Estonia Tallinn
83%
Islandia Reykjavik
75%
Malta Valletta
75%
Liechtenstein Vaduz
73%
Serbia Belgrad
72%
Bośnia i Hercegowina Sarajewo
71%
Słowenia Lublana
68%
Albania Tirana
68%
Macedonia Skopje
67%
Mołdawia Kiszyniów
60%
Czarnogóra Podgorica
60%
Szkocja Edynburg
58%
Walia Cardiff
49%
Nie znaleziono quizów pasujących do podanych kryteriów
Rozkład punktacji
Procent ludzi z każdym wynikiem
Percentyl według liczby udzielonych odpowiedzi
Twoja historia wyników
Nie rozwiązałeś tego quizu